Não é nada complicado (Registo nº 6036)

Detalhes MARC
000 -Etiqueta do registo
Valores 00806nam a2200241 4500
010 ## - Número ISBN
ISBN 9789895330508
021 ## - Número do Depósito Legal
Número 488104/21
100 ## - Dados gerais de processamento
Dados gerais 20251001d2021 bc y0pory50030103ba
200 1# - Titulo e menção de responsabilidade
Título próprio Não é nada complicado
Primeira menção de responsabilidade Samuel Ribeyron
Outras menções de responsabilidade trad. Pedro Seromenho
210 #9 - Publicação
Local de publicação Braga
Nome do editor Paleta de Letras
Data de publicação 2021
215 ## - Descrição física 
Paginação / Volumes [42] p.
Outras indicações físicas il.
330 ## - Sumário ou Resumo
Texto da nota Ontem, enquanto desenhava, a Luísa perguntou-me o que tinha na cabeça.<br/>Não soube o que responder.<br/>Mas não é nada complicado.
606 ## - Nome comum usado como assunto
ID Autoridade 14
Palavra de ordem Literatura infantil
606 ## - Nome comum usado como assunto
ID Autoridade 13
Palavra de ordem Literatura Estrangeira
675 ## - CDU
Notação 82-93
Edição BN
Língua por
675 ## - CDU
Notação 821.1/.8
Edição BN
Língua por
700 ## - Autor principal (pessoa individual)
Apelido Ribeyron
Nome Samuel
ID Autoridade 5727
702 ## - Autor secundário (pessoa individual)
Apelido Seromenho
Nome Pedro
ID Autoridade 4068
Datas 1975-
801 #0 - Fonte de origem
País PT
Agência BEN2VN
Regras de catalogação RPC
830 ## - Notas gerais do catalogador
Criado por Tânia Croca
Data de criação 01/10/2025
990 ## - Elementos KOHA
Tipo de documento Livro
Exemplares
Situação do levantamento Biblioteca de origem Código de barras Cota Permissão de empréstimo Tipo de documento Forma de aquisição
  Biblioteca Escola Nº2 Vendas Novas 100000003159 LI EST/RIB   Livro  

Powered by Koha